<?xml version="1.0" encoding="UTF-8"?>
<collection xmlns="http://www.loc.gov/MARC21/slim">
 <record>
  <leader>01654nam a22003017a 4500</leader>
  <controlfield tag="001">AAL8981</controlfield>
  <controlfield tag="003">BD-DhAAL</controlfield>
  <controlfield tag="005">20170514114454.0</controlfield>
  <controlfield tag="008">170514s    2011E  ||||| |||| 00| 0 eng d</controlfield>
  <datafield tag="999" ind1=" " ind2=" ">
   <subfield code="c">38136</subfield>
   <subfield code="d">38136</subfield>
  </datafield>
  <datafield tag="020" ind1=" " ind2=" ">
   <subfield code="a">9780751542974</subfield>
  </datafield>
  <datafield tag="040" ind1=" " ind2=" ">
   <subfield code="a">BD-DhAAL</subfield>
   <subfield code="c">BD-DhAAL</subfield>
  </datafield>
  <datafield tag="082" ind1=" " ind2=" ">
   <subfield code="a">813/.54</subfield>
  </datafield>
  <datafield tag="100" ind1=" " ind2=" ">
   <subfield code="a"> Sparks, Nicholas</subfield>
   <subfield code="9">21541</subfield>
  </datafield>
  <datafield tag="245" ind1=" " ind2=" ">
   <subfield code="a">The best of me /</subfield>
   <subfield code="c">Nicholas Sparks</subfield>
  </datafield>
  <datafield tag="260" ind1=" " ind2=" ">
   <subfield code="a">London :</subfield>
   <subfield code="b">Sphere, </subfield>
   <subfield code="c">2011</subfield>
  </datafield>
  <datafield tag="300" ind1=" " ind2=" ">
   <subfield code="a">292 p. ;</subfield>
   <subfield code="c">18 cm. </subfield>
  </datafield>
  <datafield tag="541" ind1=" " ind2=" ">
   <subfield code="e">8981</subfield>
  </datafield>
  <datafield tag="650" ind1=" " ind2=" ">
   <subfield code="a">First loves </subfield>
   <subfield code="v">Fiction. </subfield>
   <subfield code="9">21542</subfield>
  </datafield>
  <datafield tag="650" ind1=" " ind2=" ">
   <subfield code="a">Middle-aged persons </subfield>
   <subfield code="v">Fiction.</subfield>
   <subfield code="9">21543</subfield>
  </datafield>
  <datafield tag="650" ind1=" " ind2=" ">
   <subfield code="a">Man-woman relationships </subfield>
   <subfield code="v">Fiction.</subfield>
   <subfield code="9">21544</subfield>
  </datafield>
  <datafield tag="852" ind1=" " ind2=" ">
   <subfield code="a">Savar Campus Library </subfield>
   <subfield code="c">General Shelf </subfield>
  </datafield>
  <datafield tag="942" ind1=" " ind2=" ">
   <subfield code="2">ddc</subfield>
   <subfield code="c">BK</subfield>
  </datafield>
  <datafield tag="952" ind1=" " ind2=" ">
   <subfield code="0">0</subfield>
   <subfield code="1">0</subfield>
   <subfield code="2">ddc</subfield>
   <subfield code="4">0</subfield>
   <subfield code="6">813_000000000000000__54_SPA</subfield>
   <subfield code="7">0</subfield>
   <subfield code="9">60635</subfield>
   <subfield code="a">SCL</subfield>
   <subfield code="b">SCL</subfield>
   <subfield code="c">GEN</subfield>
   <subfield code="d">2017-05-14</subfield>
   <subfield code="e">Tajin Boi Gar</subfield>
   <subfield code="g">100.00</subfield>
   <subfield code="l">12</subfield>
   <subfield code="m">77</subfield>
   <subfield code="o">813.54 SPA</subfield>
   <subfield code="p">3020008981</subfield>
   <subfield code="r">2020-03-10</subfield>
   <subfield code="s">2020-01-16</subfield>
   <subfield code="t">1</subfield>
   <subfield code="w">2017-05-14</subfield>
   <subfield code="y">BK</subfield>
  </datafield>
  <datafield tag="952" ind1=" " ind2=" ">
   <subfield code="0">0</subfield>
   <subfield code="1">0</subfield>
   <subfield code="2">ddc</subfield>
   <subfield code="4">0</subfield>
   <subfield code="6">813_000000000000000__54_SPA</subfield>
   <subfield code="7">0</subfield>
   <subfield code="9">60636</subfield>
   <subfield code="a">SCL</subfield>
   <subfield code="b">SCL</subfield>
   <subfield code="c">GEN</subfield>
   <subfield code="d">2017-05-14</subfield>
   <subfield code="e">Tajin Boi Gar</subfield>
   <subfield code="g">100.00</subfield>
   <subfield code="l">8</subfield>
   <subfield code="m">40</subfield>
   <subfield code="o">813.54 SPA</subfield>
   <subfield code="p">3020008982</subfield>
   <subfield code="r">2019-12-09</subfield>
   <subfield code="s">2019-09-22</subfield>
   <subfield code="t">2</subfield>
   <subfield code="w">2017-05-14</subfield>
   <subfield code="y">BK</subfield>
  </datafield>
  <datafield tag="952" ind1=" " ind2=" ">
   <subfield code="0">0</subfield>
   <subfield code="1">0</subfield>
   <subfield code="2">ddc</subfield>
   <subfield code="4">0</subfield>
   <subfield code="6">813_000000000000000__54_SPA</subfield>
   <subfield code="7">0</subfield>
   <subfield code="9">60637</subfield>
   <subfield code="a">SCL</subfield>
   <subfield code="b">SCL</subfield>
   <subfield code="c">GEN</subfield>
   <subfield code="d">2017-05-14</subfield>
   <subfield code="e">Tajin Boi Gar</subfield>
   <subfield code="g">100.00</subfield>
   <subfield code="l">8</subfield>
   <subfield code="m">46</subfield>
   <subfield code="o">813.54 SPA</subfield>
   <subfield code="p">3020008980</subfield>
   <subfield code="r">2020-03-10</subfield>
   <subfield code="s">2020-01-16</subfield>
   <subfield code="t">3</subfield>
   <subfield code="w">2017-05-14</subfield>
   <subfield code="y">BK</subfield>
  </datafield>
  <datafield tag="952" ind1=" " ind2=" ">
   <subfield code="0">0</subfield>
   <subfield code="1">0</subfield>
   <subfield code="2">ddc</subfield>
   <subfield code="4">0</subfield>
   <subfield code="6">813_000000000000000__54_SPA</subfield>
   <subfield code="7">0</subfield>
   <subfield code="9">60638</subfield>
   <subfield code="a">SCL</subfield>
   <subfield code="b">SCL</subfield>
   <subfield code="c">GEN</subfield>
   <subfield code="d">2017-05-14</subfield>
   <subfield code="e">Tajin Boi Gar</subfield>
   <subfield code="g">100.00</subfield>
   <subfield code="l">11</subfield>
   <subfield code="m">40</subfield>
   <subfield code="o">813.54 SPA</subfield>
   <subfield code="p">3020008978</subfield>
   <subfield code="r">2020-03-11</subfield>
   <subfield code="s">2020-01-16</subfield>
   <subfield code="t">4</subfield>
   <subfield code="w">2017-05-14</subfield>
   <subfield code="y">BK</subfield>
  </datafield>
  <datafield tag="952" ind1=" " ind2=" ">
   <subfield code="0">0</subfield>
   <subfield code="1">0</subfield>
   <subfield code="2">ddc</subfield>
   <subfield code="4">0</subfield>
   <subfield code="6">813_000000000000000__54_SPA</subfield>
   <subfield code="7">0</subfield>
   <subfield code="9">60639</subfield>
   <subfield code="a">SCL</subfield>
   <subfield code="b">SCL</subfield>
   <subfield code="c">GEN</subfield>
   <subfield code="d">2017-05-14</subfield>
   <subfield code="e">Tajin Boi Gar</subfield>
   <subfield code="g">100.00</subfield>
   <subfield code="l">14</subfield>
   <subfield code="m">47</subfield>
   <subfield code="o">813.54 SPA</subfield>
   <subfield code="p">3020008979</subfield>
   <subfield code="r">2024-09-10</subfield>
   <subfield code="s">2024-09-03</subfield>
   <subfield code="t">5</subfield>
   <subfield code="w">2017-05-14</subfield>
   <subfield code="y">BK</subfield>
  </datafield>
 </record>
</collection>
